000 00278nam a22001217a 4500
008 210224b ||||| |||| 00| 0 eng d
041 _aeng
080 _a159.9
100 _a48
101 _aPSI
245 _aProblems of Physiological Psychology
_cKantor,R.J
942 _2udc
_cBK
999 _c55143
_d55143